00899nam a22002417a 45000010005000000030006000050050017000110080041000280200018000690400029000870500016001160820010001321000023001422450046001652500052002112600038002633000044003015050008003455200244003535210020005975210020006176500020006375106FISKH20260211082222.0241106b cb ||||| |||| 00| 0 eng d a9780545224918 aFISKHbengcFISKHdFISKH aPZ7.S855625 a813.6 aStiefvater, Maggie aThe Scorpio races /cby Maggie Stiefvater aFirst Scholastic paperback printing, April 2013 aNew York : bScholastic ;c2011 . a435 pages : billustrations ;c21 cm .  aU  aNineteen-year-old returning champion Sean Kendrick competes against Puck Connolly, the first girl ever to ride in the annual Scorpio Races, both trying to keep hold of their dangerous water horses long enough to make it to the finish line.8 a840 bLexile 8 aU bRaz-Plus  ahorsesvfiction